10 Northernmost Entire Countries - Statistics

General Stats
  • This quiz has been taken 90 times
  • The average score is 9 of 10
Answer Stats
southernmost point country % Correct
57°57'N Norway
99%
63°17'N Iceland
95%
55°20'N Sweden
95%
54°34'N Denmark
94%
59°48'N Finland
94%
57°31'N Estonia
88%
55°40'N Latvia
88%
53°54'N Lithuania
88%
51°23'N Ireland
83%
51°15'N Belarus
78%
No matching quizzes found
Score Distribution
Percent of People with Each Score
Percentile by Number Answered
Your Score History
You have not taken this quiz